[Event "Stevenage 4NCL Easter op"]
[Site "Stevenage"]
[Date "2019.04.20"]
[Round "2"]
[White "Stannard, Anthony"]
[Black "Ross, Stuart"]
[Result "1-0"]
[WhiteElo "1916"]
[BlackElo "1620"]
[PlyCount "63"]
[EventDate "2019.04.19"]
[EventType "swiss"]
[EventRounds "7"]
[EventCountry "ENG"]
[SourceTitle "CBM 189 Extra"]
[Source "ChessBase"]
[SourceDate "2019.06.03"]
[SourceVersion "1"]
[SourceVersionDate "2019.06.03"]
[SourceQuality "1"]

1. e4 c5 2. c3 Nf6 3. e5 Nd5 4. d4 cxd4 5. Nf3 Nc6 6. cxd4 d6 7. Bc4 Nb6 8. Bb3 dxe5 9. d5 Na5 10. Nc3 Nxb3 11. Qxb3 e6 12. Nxe5 exd5 13. Be3 Bd6 14. Qb5+ Kf8 15. Bxb6 axb6 16. f4 Be6 17. 0-0 Ra5 18. Qe2 g6 19. a3 Kg7 20. b4 Ra6 21. Nb5 Bxe5 22. fxe5 Bf5 23. Nd6 Be6 24. Rf6 Rf8 25. Qb2 Qd7 26. Rc1 Qa4 27. Rc7 Qd1+ 28. Kf2 Qh5 29. Rxe6 Qh4+ 30. Kf1 Qf4+ 31. Kg1 Qe3+ 32. Qf2 1-0

[Event "London CSC Weekend U2050 op 10th"]
[Site "London"]
[Date "2018.12.16"]
[Round "5"]
[White "Stubbs, Oliver"]
[Black "Stannard, Anthony"]
[Result "1-0"]
[WhiteElo "1729"]
[BlackElo "1969"]
[PlyCount "63"]
[EventDate "2018.12.14"]
[EventType "swiss"]
[EventRounds "5"]
[EventCountry "ENG"]
[SourceTitle "EXT 2020"]
[Source "ChessBase"]
[SourceDate "2019.10.17"]
[SourceVersion "1"]
[SourceVersionDate "2019.10.17"]
[SourceQuality "1"]

1. d4 e6 2. Nf3 f5 3. Bf4 Nf6 4. e3 d6 5. Nbd2 g6 6. Bd3 Bg7 7. 0-0 h6 8. Qe2 0-0 9. h3 Qe7 10. Bh2 g5 11. e4 f4 12. e5 Ne8 13. Qe4 Bh8 14. exd6 Nxd6 15. Qg6+ Qg7 16. Rfe1 Nc6 17. Qxg7+ Bxg7 18. c3 Bd7 19. Re2 Rae8 20. Rae1 b5 21. Nb3 Bc8 22. Bg6 Rd8 23. Nc5 b4 24. Nxe6 Bxe6 25. Rxe6 bxc3 26. bxc3 Rb8 27. Bd3 Rb2 28. R6e2 Rfb8 29. g3 Rxe2 30. Rxe2 Rf8 31. gxf4 gxf4 32. Nh4 1-0

[Event "London CSC Weekend U2050 op 10th"]
[Site "London"]
[Date "2018.12.15"]
[Round "3"]
[White "Mircov, Nicola Alexandru"]
[Black "Stannard, Anthony"]
[Result "0-1"]
[WhiteElo "1725"]
[BlackElo "1969"]
[PlyCount "92"]
[EventDate "2018.12.14"]
[EventType "swiss"]
[EventRounds "5"]
[EventCountry "ENG"]
[SourceTitle "EXT 2020"]
[Source "ChessBase"]
[SourceDate "2019.10.17"]
[SourceVersion "1"]
[SourceVersionDate "2019.10.17"]
[SourceQuality "1"]

1. e4 e6 2. d4 d5 3. e5 c5 4. c3 Nc6 5. Nf3 Bd7 6. a3 f6 7. exf6 Nxf6 8. Bd3 Qc7 9. 0-0 c4 10. Bc2 Bd6 11. Qe2 0-0-0 12. Re1 Rdf8 13. h3 h6 14. Ne5 Bxe5 15. dxe5 Ng8 16. b4 cxb3 17. Bxb3 Nge7 18. Bc2 g5 19. a4 Nf5 20. Ba3 Rf7 21. Nd2 h5 22. Rab1 g4 23. Bxf5 Rxf5 24. Bd6 Qd8 25. Qb5 Na5 26. Qc5+ Bc6 27. Qxa7 gxh3 28. Nf1 hxg2 29. Ne3 Rg5 30. Qc5 Rg7 31. Rb6 Qh4 32. Nxg2 Qh3 33. Kf1 Qxg2+ 34. Ke2 Qg4+ 35. Kd3 Qc4+ 36. Kc2 Qxa4+ 37. Kb1 Nb3 38. Qe3 Na5 39. Rb4 Qa3 40. Rb2 Qxb2+ 41. Kxb2 Nc4+ 42. Kb3 Nxe3 43. Rxe3 h4 44. Rh3 b6 45. f4 Rg3 46. Rh2 Rf3 0-1